000 00389 a2200169 4500
001 72878
020 _a8532207367
040 _cAnchieta - Colégio São Paulo
100 _aPessoa, Fernando
240 1 0 _aPoesias de Álvaro de Campos
_lpor
245 1 0 _aPoesias de Álvaro de Campos
300 _a292
362 0 _a1992
440 1 _aFTD
650 4 _aPoesia brasileira
942 _cBK
999 _c72878
_d72878